000 00963cam a2200265 4500
008 090401t2000 xxu||||| |||| 00| 0 eng d
020 _a0853084874
035 _a(Sirsi) u99283
041 _aeng
050 _a346.410435
100 _aBickford-Smith, Stephen
245 _aRights of light : the modern law.
260 _aBristol
_bJordan Publishing Limited
_c2000
300 _axxxvi,288p. : ill. ; 25cm.
350 _a40.00
520 _aA practical up-to-date explanation of law and practice written by lawyers, including the acquisition and establishment of rights of light and proceedings for infringement. Includes a chapter on measurement and valuation by a chartered surveyor, Elizabeth de Burgh Sidley.
650 _aEASEMENTS
650 _aRIGHTS TO LIGHT
650 _aEXTINGUISHMENT
690 _aBoundary disputes
_96221
700 _aFrancis, Andrew
700 _aSidley, Elizabeth de Burgh
942 _n0
948 _c11/03/1998
999 _c99260
_d99260